000 00498nam a2200181 4500
001 18874
005 20230410120945.0
008 060907n2004 dr spa
020 _a1400042216
035 _9funglode19024
041 _aEN
050 1 4 _aJC 574.2 R347r 2004
100 _aReich, Robert B.
245 1 _aReason :
_bwhy liberals will win the battle for America /
_cRobert B. Reich
260 _aNew York :
_bAlfred A. Knopf,
_c2004
300 _aix, 257 p.
942 _2lcc
_cbk
999 _c55121
_d55121